Harry Potter surnames - Statistics

General Stats
  • This quiz has been taken 2,738 times
    2,725 since last reset
  • The average score is 63 of 82
Answer Stats
First name Surname % Correct
Harry Potter
100%
Lily Potter
100%
James Potter
100%
Ginny/Ginevra Weasley
100%
Fred Weasley
100%
George Weasley
100%
Ron Weasley
100%
Bill Weasley
100%
Sirius Black
99%
Regulus Black
99%
Albus Dumbledore
99%
Ariana Dumbledore
99%
Kendra Dumbledore
99%
Rubeus Hagrid
98%
Draco Malfoy
98%
Lucius Malfoy
98%
Cho Chang
96%
Tom Riddle
96%
Bellatrix Lestrange
94%
Xenophilius Lovegood
94%
Luna Lovegood
94%
Narcissa Mafloy/Lestrange
94%
Cedric Diggory
93%
Amos Diggory
93%
Neville Longbottom
92%
Augusta Longbottom
92%
Salazar Slytherin
91%
Helga Hufflepuff
90%
Alastor Moody
90%
Rowena Ravenclaw
90%
Padma Patil
89%
Parvati Patil
89%
Severus Snape
89%
Petunia Dursley
88%
Filius Flitwick
88%
Gregory Goyle
88%
Remus Lupin
88%
Oliver Wood
88%
Vincent Crabbe
87%
Godric Gryffindor
87%
Dolores Umbridge
87%
Katie Bell
86%
Lavender Brown
86%
Gabrielle Delacour
86%
Fleur Delacour
86%
Hermione Granger
86%
Minerva Mcgonagall
84%
Peter Pettigrew
83%
Dean Thomas
83%
Pansy Parkinson
80%
Seamus Finnigan
79%
Horace Slughorn
79%
Morfin Gaunt
74%
Marvolo Gaunt
74%
Merope Gaunt
74%
Angelina Johnson
73%
Susan Bones
72%
Lee Jordan
72%
Hannah Abbott
70%
Olympe Maxime
63%
Zacharias Smith
63%
Cormac Mclaggen
62%
Pomona Sprout
62%
Elphias Doge
61%
Dennis Creevey
60%
Marcus Flint
60%
Millicent Bulstrode
59%
Ernie Macmillan
57%
Alicia Spinnet
56%
Terry Boot
53%
Arabella Figg
53%
Rolanda Hooch
45%
Michael Corner
42%
Emmeline Vance
40%
Hestia Jones
39%
Sturgis Podmore
35%
Broderick Bode
33%
Marcus Belby
27%
Demelza Robins
26%
Thorffin Rowle
22%
Jimmy Peakes
21%
Anthony Goldstien
20%
No matching quizzes found
Score Distribution
Percent of People with Each Score
Percentile by Number Answered
Your Score History
You have not taken this quiz since the last reset